FC Bayern München II Kader 2025/26 - Statistiken

Allgemein
  • Dieses Quiz wurde 4 mal gespielt
  • Das Durchschnittsergebnis liegt bei 1 aus 47
Antwortstatistiken
Hint Antwort % Korrekt
TW Leon Klanac
50%
AG Anton Heinz
25%
MF Lennart Karl
25%
AB Allan Bohomo
0%
MF Allen Junior Lambé
0%
AG Aristide Hentcho
0%
AG Artur Degraf
0%
MF Aviel Hentcho Nseke
0%
AG Bajung Darboe
0%
MF Benno Schmitz
0%
MF Bogdan Olychenko
0%
AB David Heindl
0%
MF David Santos Daiber
0%
AB Deniz Ofli
0%
MF Guido della Rovere
0%
TW Hannes Heilmair
0%
TW Jannis Bärtl
0%
AB Julien Yanda
0%
MF Kurt Rüger
0%
TW Leonard Ruland
0%
MF Leopold Schmid
0%
AB Ljubo Puljic
0%
MF Louis Richter
0%
AB Luis Schäfer
0%
TW Matthias Kösters
0%
AB Maximilian Schuhbauer
0%
MF Maycon Cardozo
0%
AG Michael Scott
0%
MF Moritz Mosandl
0%
MF Mudaser Sadat
0%
AG Noah Codjo-Evora
0%
AG Philipp von Taube
0%
AB Raphael Pavlic
0%
AB Robert Deziel Jr.
0%
AB Roko Mijatovic
0%
MF Roy Snip
0%
AG Sadiki Chemwor
0%
MF Sebastian Dreier
0%
AG Simon Zöls
0%
AB Steve Breitkreut
0%
AG Tim Binder
0%
MF Valentin Yotov
0%
AB Vincent Manuba
0%
MF Wisdom Mike
0%
AG Yil Gashi
0%
AG Younes Aitamer
0%
MF Yousef Qashi
0%
Keine übereinstimmenden Quizze gefunden
Verteilung der Resultate
Anzahl Personen mit jedem Resultat
Perzentil nach korrekt beantworteten Fragen
Ihre Resultats-Entwicklung
Sie haben dieses Quiz noch nicht gespielt